| 000 | 00580nam a2200217Ia 4500 | ||
|---|---|---|---|
| 999 |
_c58964 _d58964 |
||
| 003 | 0100 | ||
| 005 | 20171130160415.0 | ||
| 008 | 130303s9999 xx 000 0 und d | ||
| 040 | _cARRUPELIB | ||
| 050 | _aGN490.R3 1952 | ||
| 100 |
_aRadcliffe-Brown, Alfred Reginald _937857 |
||
| 245 |
_aStructure and function in primitive society: _bessays and addresses |
||
| 260 |
_aLondon _bCohen and West Limited _c1952 |
||
| 300 | _avii | ||
| 300 | _b 219p. 22cm. | ||
| 650 |
_aPrimitive Societies _917090 |
||
| 700 |
_aEvans-Pritchard E. E. ; Eggan, Fred _937858 |
||
| 942 |
_2lcc _cMONOGRAPH |
||